Geography Quiz

Random Geography or World Quiz

Name the Countries Quiz Stats

Quiz not verified by Sporcle

Also try: Flags of Africa
Challenge
Share
Tweet
Embed
Score 0/32 Timer 10:00
0 Plays Today
% Correct
Cuba
81.1%
Egypt
81.1%
Chile
78.4%
Mexico
78.4%
Chad
75.7%
Togo
75.7%
Bolivia
73%
Colombia
73%
Fiji
73%
Malta
73%
Mali
70.3%
Palau
70.3%
Belize
67.6%
Gambia
67.6%
Haiti
67.6%
Italy
67.6%
% Correct
Latvia
67.6%
Belgium
64.9%
Djibouti
64.9%
Jamaica
64.9%
Zambia
64.9%
Kuwait
62.2%
Libya
62.2%
Tuvalu
60%
Guatemala
59.5%
Malawi
59.5%
Moldova
59.5%
Zimbabwe
56.8%
Cambodia
54.1%
Ethiopia
54.1%
Mozambique
45%
Luxembourg
18.9%

You're not logged in!

Compare scores with friends on all Sporcle quizzes.
Sign Up with Email
OR
Log In

You Might Also Like...

Show Comments

Extras

Top Quizzes Today


Score Distribution

Your Account Isn't Verified!

In order to create a playlist on Sporcle, you need to verify the email address you used during registration. Go to your Sporcle Settings to finish the process.